| 000 | 00449pab a2200169 454500 | ||
|---|---|---|---|
| 008 | 180718b2017 xxu||||| |||| 00| 0 eng d | ||
| 100 | _aWadhwa, N.C. | ||
| 245 | _aAccomplishments of higher education in regional development | ||
| 260 | _c2017 | ||
| 300 | _ap.48-54. | ||
| 362 | _a30 Jan | ||
| 650 | _aRegional development | ||
| 650 | _aHigher education - India | ||
| 650 | _aHigher education | ||
| 773 | _aUniversity News | ||
| 909 | _a113763 | ||
| 999 |
_c113757 _d113757 |
||